| 000 | 00761 a2200205 4500 | ||
|---|---|---|---|
| 999 |
_c6611 _d6611 |
||
| 020 | _a9781441931597 | ||
| 050 | _aQR81BOO2001 | ||
| 100 |
_aBoone , David R _eeditor |
||
| 245 |
_aBergey's manualʼ of systematic bacteriology: _bVolume 1, The Archaea and the deeply branching and phototrophic Bacteria / _cedited by David Hendricks Bergey, David R Boone; Richard W Castenholz; George M Garrity |
||
| 250 | _a2nd ed. | ||
| 264 |
_aNew York : _b Springer, _cc2001 |
||
| 300 | _a721p. : | ||
| 500 | _aincludes index | ||
| 650 | _aBacteria -- Classification. | ||
| 700 |
_aDavid Hendricks Bergey, _eeditor |
||
| 700 |
_aDavid R Boone _eeditor |
||
| 700 |
_a Richard W Castenholz; _eeditor |
||
| 700 |
_a George M Garrity _eeditor |
||
| 942 |
_2lcc _cBK _h81 _iBOO _kQR |
||